000 00322nam a22001457a 4500
008 210310b ||||| |||| 00| 0 eng d
020 _a9781111752477
041 _aeng
080 _a343.9
082 _a343.9
100 _a13
101 _aKRI
245 _aCriminal Law and Procedure
_cSemukhina, O
942 _2udc
_cBK
999 _c56220
_d56220